书目信息 |
| 题名: |
化工原理
|
|
| 作者: | 钟秦 编 | |
| 分册: | ||
| 出版信息: | 国防工业 2001.09 |
|
| 页数: | 468页 | |
| 开本: | 28cm | |
| 丛书名: | ||
| 单 册: | ||
| 中图分类: | TQ02 | |
| 科图分类: | ||
| 主题词: | 化工过程:物理过程 , 化工过程:物理化学过程 , 化工过程 | |
| 电子资源: | ||
| ISBN: | 978-7-118-02635-1 | |
| 000 | 00663nam0 2200253 45 | |
| 001 | 0945784529 | |
| 005 | 20091017124423.49 | |
| 010 | @a978-7-118-02635-1@dCNY43.00 | |
| 100 | @a20090515d2001 ekmy0 y0120 ea | |
| 102 | @aCN@b130000 | |
| 102 | @aCN@b110000 | |
| 105 | @ay z 000yy | |
| 200 | 1 | @a化工原理@f钟秦等编@Fzhong qin deng bian |
| 210 | @c国防工业@d2001.09 | |
| 210 | @a北京@c国防工业出版社 | |
| 215 | @a468页@d28cm | |
| 606 | 0 | @a化工过程:物理过程 |
| 606 | 0 | @a化工过程:物理化学过程 |
| 606 | 0 | @a化工过程 |
| 690 | @aTQ02@v4 | |
| 701 | 0 | @a钟秦@Azhong qin@4编 |
| 801 | 0 | @aCN@c20091017 |
| 905 | @a10447@dTQ02@eZ7332 | |
| 906 | @d43@n2@r1 | |
| 化工原理/钟秦等编.-国防工业,2001.09.-北京:国防工业出版社 |
| 468页;28cm |
| ISBN 978-7-118-02635-1:CNY43.00 |
| ● |
| 相关链接 |
|
|
|
正题名:化工原理
索取号:TQ02/Z7332
 
预约/预借
| 序号 | 登录号 | 条形码 | 馆藏地/架位号 | 状态 | 备注 |
| 1 | 658889 | 206588897 | 自科库501/501自科库 137排7列3层/ [索取号:TQ02/Z7332] | 在馆 | |
| 2 | 658890 | 206588904 | 自科库501/501自科库 137排7列3层/ [索取号:TQ02/Z7332] | 在馆 |